000 01454cam a2200313 4500
008 #DATE n2003 000 0 eng u
020 _a1904338167
035 _a(Sirsi) u123190
041 _aeng
050 _a346.4104346
_c18
100 _aGillett, Alan
245 _aLease renewals
_ba CPD study pack
250 _a2nd ed.
260 _aReading
_bCollege of Estate Management
_c2003
300 _a61p.
_c30cm. + 1 audio cassette (ca. 60 min.) and addenda 2001 (6p.
_c30cm.)
350 _a48.50
490 _aCollege of Estate Management CPD Study Pack
520 _aSecond edition of this CPD study pack introduces the current law and practice surrounding the renewal of commercial leases under the Landlord and Tenant Act 1954. Sets out a statutory timetable to be followed in the lease renewal procedure and explains the relevant sections of the Act dealing with valuation, compensation, renewal terms and interim rents. Includes reference to case law and a bibliography.
520 _aIncludes the Owlion Audio Presentation "Lease renewals 1998: truce or battle?" (M91417) which is available to borrow separately.
520 _aSupersedes first edition (ISBN 1899769412).
520 _aWithdrawn
650 _aLEASE RENEWAL
650 _aLEASES
650 _aCOMMERCIAL LEASES
650 _aLANDLORD AND TENANT ACT 1954
690 _aLANDLORD AND TENANT
_96252
710 _aCollege of Estate Management
_9400
942 _n0
999 _c103008
_d103008